000 00688nam a22002177a 4500
005 20251108173640.0
008 250721s1999 xx 000 0 ara d
020 _a9957140051
082 1 4 _a351.0031/ندو
100 1 _aالحوراني، هاني
_eAdvis.
245 1 0 _aحكومة سليمان النابلسي : أعمال ندوة (1956 - 1957) /
264 1 _aعمان :
_bدار سندباد للنشر،
_c1999.
300 _a216 ص.
650 1 7 _aالأردن
650 1 7 _aالحكومة
650 1 7 _aرؤساء الوزارات
700 1 _aالريماوي، محمود
_eمشرف
700 1 _aأبو رمان، حسين
942 _2ddc
_cBK
999 _c108985
_d108985